000 00694nam a2200229Ia 4500
003 OSt
005 20220926014528.0
006 a|||||r|||| 00| 0
007 ta
008 220923b |||||||| |||| 00| 0 eng d
037 _cGeneral Book
040 _aRTL
_cRTL
_beng
041 _2eng
_aeng
082 _aX650b(Z,211).73.N7, L6
100 _aMcMahan John
_9320791
245 0 _aProperty development
_b Effective decision making in
260 _aNew York
_bMcGraw-Hill
_c1976
300 _axv, 432p
_ccm.
500 _aBibliography: P 415-421; Glossary: P 392-414
942 _hX650b(Z,211).73.N7, L6
_cGB
_2CC
999 _c629303
_d629303